| 000 | 00852nam a2200289 4500 | ||
|---|---|---|---|
| 001 | 2050 | ||
| 010 | _a9789895813797 | ||
| 021 |
_aPT _b538569/24 |
||
| 090 | _a2050 | ||
| 100 | _a20260212d2025 a||y0pory50030103ba | ||
| 101 | _apor | ||
| 102 | _aPT | ||
| 200 |
_aSarilhos na quinta _ftexto Enid Blyton _gil. Jennifer Jamieson _gtrad. Eugénia Antunes |
||
| 205 | _a1ª edição | ||
| 210 |
_aAlfragide _cOficina do Livro _d2025 |
||
| 215 |
_a76, [4] p. _cil. _d20 cm |
||
| 225 | 2 |
_aOs mini cinco _v18 |
|
| 300 | _aBMB-Registado | ||
| 304 | _aTít. orig.: Trouble at the farm | ||
| 606 |
_9815 _aLiteratura Juvenil |
||
| 675 |
_a087.5 _vBMB _zpor |
||
| 700 |
_aBlyton _bEnid _f1897-1968 |
||
| 702 |
_a Jamieson _bJennifer _4440 _92939 |
||
| 702 |
_aAntunes _bEugénia _f1972- _4730 _9887 |
||
| 702 | 1 |
_aBlyton, _bEnid, _f1897-1968 |
|
| 801 |
_aPT _bBMB _gRPC |
||
| 990 | _cLIVROS | ||